The changing culture of a factory (Record no. 7075)
[ view plain ]
| 000 -LEADER | |
|---|---|
| fixed length control field | 00973nam a2200277 a 4500 |
| 001 - CONTROL NUMBER | |
| JCCL Control Number | 7075 |
| 003 - CONTROL NUMBER IDENTIFIER | |
| JCCL marc code | UkOxU |
| 005 - DATE AND TIME OF LATEST TRANSACTION | |
| control field | 20180416094723.0 |
| 008 - FIXED-LENGTH DATA ELEMENTS--GENERAL INFORMATION | |
| fixed length control field | 880808s1963 enka b 000 0 eng |
| 035 ## - SYSTEM CONTROL NUMBER | |
| system control number | (BD-JhCC)7075 |
| 040 ## - CATALOGING SOURCE | |
| Original cataloging agency | DLC |
| Transcribing agency | YNG |
| Modifying agency | m.c |
| -- | SER |
| 041 ## - LANGUAGE CODE | |
| Language code of Book | eng |
| 082 ## - DEWEY DECIMAL CLASSIFICATION NUMBER | |
| Classification number | 331.15 |
| Author mark and Year | JAQ 1963 |
| 100 1# - MAIN ENTRY--PERSONAL NAME | |
| Personal name | Jaques, Elliott. |
| 245 14 - TITLE STATEMENT | |
| Title | The changing culture of a factory |
| Statement of responsibility, etc | Elliott Jaques, |
| 260 ## - PUBLICATION, DISTRIBUTION, ETC. (IMPRINT) | |
| Place of publication, distribution, etc | London : |
| Name of publisher, distributor, etc | Tavistock Publications, |
| Date of publication, distribution, etc | [1951] |
| 300 ## - PHYSICAL DESCRIPTION | |
| Pagination | xvii, 336 p. : |
| Other physical details | diagrs ; |
| Dimensions | 23 cm |
| 500 ## - GENERAL NOTE | |
| General note | The preparation of this book has been the result of the closest collaboration between the author, his colleagues from the Tavistock Institute of Human Relations and the members of the Glacier Metal Company |
| 504 ## - BIBLIOGRAPHY, ETC. NOTE | |
| Bibliography, etc | Bibliography: p. 335-336 |
| 610 20 - SUBJECT ADDED ENTRY--CORPORATE NAME | |
| Corporate name or jurisdiction name as entry element | Glacier Metal Company |
| 650 #0 - SUBJECT ADDED ENTRY--TOPICAL TERM | |
| Topical term or geographic name as entry element | Industrial relations |
| 650 #0 - SUBJECT ADDED ENTRY--TOPICAL TERM | |
| Topical term or geographic name as entry element | Personnel management |
| 710 2# - ADDED ENTRY--CORPORATE NAME | |
| Corporate name or jurisdiction name as entry element | Tavistock Institute of Human Relations. |
| 942 ## - ADDED ENTRY ELEMENTS (KOHA) | |
| Source of classification or shelving scheme | Dewey Decimal Classification |
| Koha item type | Books |
| Source of classification or shelving scheme | Damaged status | Not for loan | Home library | Current library | Shelving location | Date of accession | Total Checkouts | Full call number | Barcode | Date last seen | Copy number | Koha item type |
|---|---|---|---|---|---|---|---|---|---|---|---|---|
| Dewey Decimal Classification | JCC Rouf Library | JCC Rouf Library | General Stacks | 02/04/2018 | 331.15 JAQ 1963 | 9676 | 02/04/2018 | C - 1 | Books |